Datum a čas kvízu

26 Celkem bodů Celkový počet nahraných bodů na tomto kvízu bez doplňovacích otázek.
4. Pořadí na kvízu Konečné umístění týmu na tomto kvízu.

Zaznamenané odpovědi

# Otázka Odpověď Body Výsledky
1. Čím konkrétně se na úterním za... měli na sobě kroje 0
2. Minulý týden jsme se dozvěděli... na Novém Zélandu 0
3. Jak se jmenuje 88letý zahranič... Alain Delon 0
4. Minulý týden byl ohlášen defin... vývojem elektromobilu (automobilu) 1
5. Ve kterém britském městě se od... v Glasgow 1
6. Napište český název nejdelší k... kost stehenní 1
7. Ve kterém kraji České republik... v Královéhradeckém 1
8. Ze kterého seriálu pochází tat... Sběratelé kostí 1
9. Kterému zvířeti patří tato kos... hrochovi 0
10. V září roku 2012 byla pod park... Richard III. 0